000
00233nam a2200097Ia 4500
008
220204s9999 xx 000 0 und d
082
_a
091
_b
WOR
245
0
_a
World of man. 16 V
260
_a
Chicago
_b
Creative World
_c
1969
942
_c
BK
999
_c
25802
_d
25802